LEADER 01358nam a2200253 u 4500 001 000000008433 003 CaOOAMICUS 005 20070226105108.0 008 941125s1964 ne u000 u fre u 035 $a10217422 040 $aPUL(R)$bita 100 1 $aBastiaensen, Antonius Adrianus Robertus,$cC.M.$0(OLS)http://pul/name/8433 245 13$aLe cérémonial épistolaire des Chrétiens latins, :$borigine et premiers développements /$cA. A. R. Bastiaensen C.M.. H.A.M. Hoppenbrouwers, Commodien, poéte chrétien. 260 $aNijmegen :$bDekker & Van de Vegt,$c1964. 300 $a96 p. ;$c24 cm 490 1 $aGraecitas et latinitas christianorum primaeva.$aSupplementa ;$vFasciculus II, 1-2 700 12$aHoppenbrouwers, Henricus Alphonsus Maria.$tCommodien, poète chrétien.$0(OLS)http://pul/name/8434 830 0$aGraecitas et latinitas christianorum primaeva.$pSupplementa ;$vFasciculus II, 1-2.$0(OLS)http://pul/title/12361 850 $aPUL 852 $aPUL$W1$xSL Religione 1$y3$m24 D 21$j11920$nBK-PRI$b $qStampati$B11920$CPULBib$Z2$F11920 $H $81 941 1 $a8 961 $aINV: 27199 996 $6245$aLe cérémonial épistolaire des Chrétiens latins, :$borigine et premiers développements$9(OLS)http://pul/title/12360 996 $6260$aNijmegen :$bDekker & Van de Vegt$9(OLS)http://pul/publisher/52114 LEADER 01270nam a2200301 u 4500 001 000000063880 003 CaOOAMICUS 005 20070226121308.0 008 011109s1970 ph u000 u eng u 035 $a10909273 040 $aPUL(R)$bita 245 00$aMission and development :$becumenical conversations /$cedited by Pedro S. De Achutegui. 260 $aManila :$bLoyola school of theology,$c1970. 300 $a179 p. ;$c23 cm 490 1 $aCardinal Bea Studies ;$vI 490 1 $aLogos (Ateneo de Manila University) ;$v5 500 $aContiene indice. 504 $aBibliografia in nota. 650 4$aEcumenismo.$0(OLS)http://pul/subject/995 700 1 $aAchutegui, Pedro S. de,$cS.I.$0(OLS)http://pul/name/42776 830 0$aLogos (Ateneo de Manila University) ;$v5.$0(OLS)http://pul/title/85143 830 0$aCardinal Bea Studies ;$vI.$0(OLS)http://pul/title/76422 850 $aPUL 852 $aPUL$W1$xSL Religione 1$y3$m75 O 81$j82846$nBK-PRI$b $qStampati$B82846$CPULBib$Z2$F82846 $H $81 941 1 $a8 961 $aINV: 61498 996 $6245$aMission and development :$becumenical conversations$9(OLS)http://pul/title/85144 996 $6260$aManila :$bLoyola school of theology$9(OLS)http://pul/publisher/70729